000 00853nam a22002657a 4500
003 DO-SdBNP
005 20231123103909.0
008 210326b2015 dr 00| 0 spa d
020 _a9789945009781
040 _aBPMSU
_bspa
_cBPMSU
082 _a808
_bC951e, 2015
_222
100 1 _aCross Frías, Elvira Angélica
245 1 0 _aEn torno a la mesa :
_brelatos /
_cElvira Angélica Cross Frías; ilustración Cándido Bidó
250 _a2a. ed.
260 _aSanto Domingo ;
_bAmigo del Hogar,
_c2015
300 _a239 p. :
_bils. ;
_c23 cm.
500 _aIncluye datos biográficos del autor
590 _aInventariado, 2023/VM
650 4 _aCuentos dominicanos
650 4 _aLiteratura dominicana
650 4 _aPoesías dominicanas
700 1 _aBidó, Cándido
_d1936-2011
_eil
910 _aVMateo V. Control de calidad. BPMSU
942 _2ddc
_cBK
999 _c13409
_d13409